MARC

LEADER 00000nam0a2200000 4500
001 161140
005 20231101222231.0
035 |a (RuTPU)RU\TPU\book\174751 
090 |a 161140 
100 |a 20090604d1963 m y0rusy50 ca 
101 0 |a rus 
102 |a RU 
105 |a a z 001zy 
200 1 |a Защита древесины от гниения  |f Н. А. Андреичева, Ф. В. Сенков 
210 |a Москва  |c Госстройиздат  |d 1963 
215 |a 63 с.  |c ил. 
320 |a Библиогр.: с. 62-63. 
606 1 |a Древесина  |x Противогнилостная защита  |2 stltpush  |3 (RuTPU)RU\TPU\subj\10116  |9 37245 
610 1 |a древесина 
610 1 |a противогнилостная защита 
610 1 |a гниение 
610 1 |a борьба 
610 1 |a мероприятия 
610 1 |a антисептическая защита 
675 |a 699.87  |v 3 
700 1 |a Андреичева  |b Н. А.  |g Нина Алексеевна 
701 1 |a Сенков  |b Ф. В.  |g Федор Васильевич 
801 1 |a RU  |b 63413507  |c 20090604  |g PSBO 
801 2 |a RU  |b 63413507  |c 20210223  |g RCR 
942 |c BK